00324nam a2200121Ia 4500008004100000020001400041050001500055100002200070245003600092260003700128300002400165650001300189150202s9999 xx 000 0 und d a440224225 aFIC bFIC  aHenley, Virginia. aDream lover /cVirginia Henley. aNew York :bIsland Books,c1997. a423 pages :c18 cm. aFiction.